Guess the kpop mv by thumbnail pt2 - Statistics

General Stats
  • This quiz has been taken 252 times
  • The average score is 20 of 36
Answer Stats
Picture Answer % Correct
Rockstar
85%
Whiplash
84%
Mantra
83%
Pop!
83%
Supernova
82%
Boombayah
81%
Tomboy
76%
Drip
74%
Queencard
74%
Batter up
71%
Sclass
71%
Case 143
68%
Love dive
67%
Lovesick girls
67%
Loco
66%
Talk saxy
66%
Drunk dazed
63%
The feels
61%
Alcohol free
59%
Kitsch
58%
Black swan
57%
Kick it
52%
Hot
51%
Back for more
48%
Blue hour
48%
Dumb dumb
41%
God of music
40%
Brought the heat back
38%
Dash
36%
King kong
31%
Nice guy
31%
Watch it
16%
Scream
15%
Thanxx
13%
Beautiful
10%
Same scent
10%
No matching quizzes found
Score Distribution
Percent of People with Each Score
Percentile by Number Answered
Your Score History
You have not taken this quiz